God isn't done with me yet.... / (Record no. 5872)

MARC details
000 -LEADER
fixed length control field 00488nam a22001697a 4500
003 - CONTROL NUMBER IDENTIFIER
control field GBCCL
005 - DATE AND TIME OF LATEST TRANSACTION
control field 20241126110551.0
008 - FIXED-LENGTH DATA ELEMENTS--GENERAL INFORMATION
fixed length control field 180412b ||||| |||| 00| 0 eng d
040 ## - CATALOGING SOURCE
Transcribing agency gbc
082 ## - DEWEY DECIMAL CLASSIFICATION NUMBER
Classification number 261.83273
Item number MCG
100 ## - MAIN ENTRY--PERSONAL NAME
Personal name McGeady, Mary Rose
9 (RLIN) 7474
245 ## - TITLE STATEMENT
Title God isn't done with me yet.... /
Statement of responsibility, etc. Mary Rose McGeady
260 ## - PUBLICATION, DISTRIBUTION, ETC.
Place of publication, distribution, etc. United States of America:
Name of publisher, distributor, etc. Covenant House,
Date of publication, distribution, etc. 1993
300 ## - PHYSICAL DESCRIPTION
Extent 125 p.;
Dimensions 17 cm.
650 ## - SUBJECT ADDED ENTRY--TOPICAL TERM
Topical term or geographic name entry element Homeless Children
Geographic subdivision New York
9 (RLIN) 10622
942 ## - ADDED ENTRY ELEMENTS (KOHA)
Source of classification or shelving scheme Dewey Decimal Classification
Koha item type Books
Koha issues (borrowed), all copies 1
Holdings
Withdrawn status Lost status Source of classification or shelving scheme Damaged status Not for loan Home library Current Library Shelving location Date acquired Total checkouts Full call number Barcode Date last seen Date last checked out Copy number Price effective from Koha item type
    Dewey Decimal Classification     GRACE BIBLE COLLEGE GRACE BIBLE COLLEGE Ministry & Mission 2018-04-12 1 261.83273 MCG 009068 2025-05-01 2024-09-11 c.1 2018-04-12 Books
© Grace Bible College Library 2025